| 000 | 00594cam5a220021700 4500 | ||
|---|---|---|---|
| 001 | zam00003608 | ||
| 008 | 951128s1971 xx eng u | ||
| 035 | _a(Sirsi) r20929 | ||
| 035 | _a(MACHINE)SLC. | ||
| 100 |
_aFaurot, J. H. _6A82497.1 |
||
| 245 | 1 | 4 | _aThe philosopher and the state. |
| 260 | _c1971. | ||
| 949 |
_aJA81 _wlcc _mMAIN _tBOOK _lON-SHELF |
||
| 004 | 20929 | ||
| 591 | _aClass code: PH 930. | ||
| 591 | _aCourse: Socio-political philosophy. | ||
| 591 | _aSchool: S05. | ||
| 591 | _aLecturer: Prof. DILLON-MALONE, C. | ||
| 591 | _aNumber of Students: 22. | ||
| 909 | _aBook | ||
| 999 |
_c8542 _d8542 |
||